000 01162nam a2200301 i 4500
001 67438
003 ES-MaACL
005 20230906170053.0
007 t|
008 040526s2003 sp a ||||0|aspa d
020 _a84-95394-52-9
080 _a929 San José López, Ezequiel
080 _a94(460)"1931/39"(093.3)
080 _a94(460)"1939/75"(093.3)
100 1 _aSan José López, Ezequiel.
_9102244
245 1 0 _aDe la República, la guerra, la represión, la resistencia_
_b: recuerdos y notas personales /
_cEzequiel San José López.
260 _aAlbacete :
_bInstituto de Estudios Albacetenses "Don Juan Manuel",
_c2003.
300 _a141 p. :
_bil. ;
_c24 cm.
490 1 _aSerie VI. Varios ;
_v4
500 _aApéndice documental: p. [127-142]
600 1 4 _aSan José López, Ezequiel.
_9102244
651 4 _aEspaña-
_xHistoria-
_y1931-1939, II República-
_vRelatos personales.
_98290
651 4 _aEspaña-
_xHistoria-
_y1939-1975, Dictadura-
_vRelatos personales.
_9137431
710 2 _aInstituto de Estudios Albacetenses.
_94884
830 0 _aSerie VI. Varios ;
_v4
_9183182
852 _aES-MaACL
_jL-27636
999 _c67438
_d67438